Statistics for Five Countries by First Two Letters by Continent #2

Click here to take the quiz!

General Stats

  • This quiz has been taken 3,639 times
  • The average score is 28 of 30

Answer Stats

Continent2Answer% Correct
EuropeFRFrance
100%
AfricaALAlgeria
99%
OceaniaAUAustralia
99%
AfricaGHGhana
99%
AsiaOMOman
99%
EuropeUKUkraine
99%
South AmericaPEPeru
98%
South AmericaBRBrazil
97%
AfricaDJDjibouti
97%
North AmericaELEl Salvador
97%
North AmericaHOHonduras
97%
South AmericaCOColombia
96%
AsiaSRSri Lanka
96%
AsiaKAKazakhstan
95%
South AmericaPAParaguay
95%
North AmericaBEBelize
94%
AfricaEREritrea
94%
North AmericaNINicaragua
94%
South AmericaSUSuriname
94%
AfricaTATanzania
94%
EuropeLALatvia
93%
OceaniaKIKiribati
92%
AsiaARArmenia
90%
EuropeGRGreece
90%
OceaniaSOSolomon Islands
90%
North AmericaUNUnited States
90%
OceaniaNANauru
89%
OceaniaSASamoa
89%
AsiaCACambodia
86%
EuropeSASan Marino
85%

Score Distribution

Percentile by Number Answered

Percent of People with Each Score

Your Score History

You have not taken this quiz